Las dos razas: La chilena y la peruana ante el juicio de cien escritores extranjeros

Gardado en:
Detalles Bibliográficos
Autor Principal: Dimitrijevich, T (Author)
Formato: Libro
Idioma:Lingua castelá
Publicado: Santiago Sociedad Imprenta y Litografía Universo 1919
Edición:1a. ed
Subjects:
Tags: Engadir etiqueta
Sen Etiquetas, Sexa o primeiro en etiquetar este rexistro!

MARC

LEADER 00000nam a2200000 a 4500
001 UCJ3131
003 CL-VaPUC
008 070124e19190500CL |||||||||||||||||spa|d
082 0 4 |a 983  |b DIM  |2 21 
100 0 |a Dimitrijevich, T  |e author  |9 504573 
245 1 4 |a Las dos razas: La chilena y la peruana ante el juicio de cien escritores extranjeros 
246 1 0 |a Chile, Perú y Bolivia ante el juicio de cien escritores extranjeros 
250 |a 1a. ed 
300 |a pág. irreg 
942 |c BK 
945 |d 20070124 00:00:00  |a rinostro 
260 |a Santiago  |b Sociedad Imprenta y Litografía Universo  |c 1919 
500 |a Dos tomos en un volumen 
600 0 7 |a SANTA CRUZ, ANDRES DE  |2 CL-VaPUC  |9 446415 
650 0 |a Araucanos  |9 314060 
650 7 |a INCAS  |2 CL-VaPUC  |9 256565 
650 0 |a Guerra de Arauco  |9 267618 
650 0 |a Etnología   |9 258726 
650 0 |a Razas  |9 326658 
650 0 |a Psicología   |9 257863 
650 7 |a TIPOS HUMANOS  |2 CL-VaPUC  |9 504574 
650 0 |a Diplomacia  |9 256483 
650 7 |a GUERRA CON ESPAÑA  |2 CL-VaPUC  |9 504456 
650 0 |a Ciudades  |9 265474 
650 0 |a Cultura  |9 269059 
650 0 |a Cultura  |9 269059 
650 0 |a Historia de Chile  |9 265473 
651 7 |a CHILE  |2 CL-VaPUC  |9 504575 
651 0 |a Perú  |9 256567 
651 0 |a Bolivia  |9 255454 
583 |a last modification  |c 20070124 00:00:00  |k Rodrigo Vera 
999 |c 319253  |d 319251 
952 |0 0  |1 0  |4 0  |6 983_000000000000000_DIM_1919  |7 0  |8 X  |9 397525  |a FDOBUD  |b FDOBUD  |d 2019-11-22  |i 1013742  |o 983 DIM 1919  |p 1013742  |r 2019-11-22  |w 2019-11-22  |y BK_X  |k BUD